000 01505nam0a22003131 4500
001 rc\4587573
005 20130416192155.7
021 _aRU
_b[69-54133]
035 _a(NLR Aleph) 008659949
090 _a9055142
_c9055142
100 _a20130416d1968 |||y0rusy50 ca
101 0 _arus
102 _aRU
105 _ay z |||||
200 1 _aМетодическое пособие по составлению отраслевых методик и разработке укрупненных нормативов использования и производительности оборудования и машин
_fГосплан СССР. Науч.-исслед. ин-т планирования и нормативов. Каз. филиал
210 _aАлма-Ата
_cБ. и.
_d1968
215 _a29 с.
_d21
300 _aПеред загл. авт.: Л.Г. Смаглюк. В.С. Стульников, И.И. Евдокимов, В.Т. Эрихман
606 _aПромышленное оборудование
_xИспользование
_jНормативы
_2psbo
606 _aПромышленное оборудование
_xПроизводительность
_jНормативы
_2psbo
701 1 _aЕвдокимов
_bИ. И.
701 1 _aЭрихман
_bВ. Т.
701 1 _aСтульников
_bВ. С.
701 1 _aСмаглюк
_bЛ. Г.
801 0 _aRU
_bNLR
_gpsbo
801 1 _aRU
_bELAR
_2rusmarc
852 _aNLR
_j69-4/14622
942 _cBOOK
980 _aNB